| 000 | 01723nam a2200541 i 4500 | ||
|---|---|---|---|
| 001 | 22993 | ||
| 003 | KOSZ 005 | ||
| 005 | 20221221122108.0 | ||
| 008 | 221222s1985 pl g 000 0 pol | ||
| 015 | _aUWD 1985/4455 | ||
| 020 | _a8308013503 | ||
| 035 | _a991008216009705066 | ||
| 035 | _a(PL-WaBN)b1211702x-48omnis_nlop | ||
| 035 | _ab1211702x | ||
| 035 | _a(OCoLC)830181173 | ||
| 035 | _azz2005944255 | ||
| 035 | _a(PL)b0000001211702 | ||
| 035 | _a(EXLNZ-48OMNIS_NETWORK)9910339541405606 | ||
| 040 |
_aWA N _cWA N _dKOSZ 005/RW |
||
| 045 |
_bd1789 _bd1832 |
||
| 046 | _k1985 | ||
| 080 | _a94(44)"17" | ||
| 100 | 1 |
_aJasienica, Paweł _d(1909-1970) _eAutor |
|
| 245 | 1 | 0 |
_aRozważania o wojnie domowej / _cPaweł Jasienica. |
| 250 | _aWydanie I. | ||
| 260 |
_aKraków ; _aWrocław : _bWydawnictwo Literackie, _c1985. |
||
| 300 |
_a125, [2] stron ; _c20 cm. |
||
| 336 |
_aTekst _btxt _2rdacontent |
||
| 337 |
_aBez urządzenia pośredniczącego _bn _2rdamedia |
||
| 338 |
_aWolumin _bnc _2rdacarrier |
||
| 380 | _aKsiążki | ||
| 380 | _aLiteratura faktu, eseje, publicystyka | ||
| 385 |
_mPrzynależność kulturowa _aLiteratura polska |
||
| 388 | 1 | _a1901-2000 | |
| 388 | 1 | _a1945-1989 | |
| 648 | 7 | _a1701-1800 | |
| 648 | 7 | _a1801-1900 | |
| 650 | 7 | _aRewolucja francuska (1789) | |
| 650 | 7 | _aWojna domowa | |
| 650 | 7 |
_aWojny wandejskie (1793-1832) _2DBN |
|
| 651 | 7 | _aFrancja | |
| 655 | 7 | _aEsej | |
| 658 | _aHistoria | ||
| 710 | 2 |
_aWydawnictwo Literackie _4pbl |
|
| 856 |
_uhttp://koha.tu.koszalin.pl/cgi-bin/koha/opac-detail.pl?biblionumber=22993 _yKatalog online BPK |
||
| 942 |
_2UKD _cKS |
||
| 999 |
_c22993 _d22993 |
||